Faculty of Law Library — Cairo University

Official Online Catalog

Cours De Droit International Public : (Record no. 71631)

MARC details
000 -LEADER
fixed length control field 01044nam a2200277 i 4500
003 - CONTROL NUMBER IDENTIFIER
control field EG-GICUC
005 - DATE AND TIME OF LATEST TRANSACTION
control field 20260418115128.0
008 - FIXED-LENGTH DATA ELEMENTS--GENERAL INFORMATION
fixed length control field 260418s1965 fr ||fr|||| 000 0 fre d
040 ## - CATALOGING SOURCE
Original cataloging agency EG-GiCUC
Language of cataloging fre
Transcribing agency EG-GiCUC
Modifying agency EG-GiCUC
Description conventions Rda
041 #0 - LANGUAGE CODE
Language code of text/sound track or separate title fre
082 04 - DEWEY DECIMAL CLASSIFICATION NUMBER
Edition number 21
Classification number 341.1
Item number DE . C
092 04 - LOCALLY ASSIGNED DEWEY CALL NUMBER (OCLC)
Edition number 21
099 ## - LOCAL FREE-TEXT CALL NUMBER (OCLC)
Classification number Law1 12 341.1 DE . C 1965
100 1# - MAIN ENTRY--PERSONAL NAME
Personal name Deprez, M. Jean
Relator term Auteur
245 14 - TITLE STATEMENT
Title Cours De Droit International Public :
Remainder of title Les Tendances Contemporaines En Matière D'ordre Public International, Vers L'élaboration Dün Ordre Public Véritablement International /
Statement of responsibility, etc. Professeur Par M. Jean Deprez.
264 #1 - PRODUCTION, PUBLICATION, DISTRIBUTION, MANUFACTURE, AND COPYRIGHT NOTICE
Place of production, publication, distribution, manufacture Caire :
Name of producer, publisher, distributor, manufacturer { La Faculté De Droit De L'univer-sité De Guizeh}
Date of production, publication, distribution, manufacture, or copyright notice {1965}
300 ## - PHYSICAL DESCRIPTION
Extent 65 page,
Dimensions 30 cm.
336 ## - CONTENT TYPE
Source rda contenu
Content type term texte
337 ## - MEDIA TYPE
Source rda medias
Media type term Ordinateur
338 ## - CARRIER TYPE
Source transporteur rda
Carrier type term Ressource en ligne
546 ## - LANGUAGE NOTE
Language note Texte en français
650 14 - SUBJECT ADDED ENTRY--TOPICAL TERM
Source of heading or term Droit international privé
856 40 - ELECTRONIC LOCATION AND ACCESS
Uniform Resource Identifier <a href="https://fll.law.cu.edu.eg/fulltext/bks/B12-01837.pdf">https://fll.law.cu.edu.eg/fulltext/bks/B12-01837.pdf</a>
905 ## - Cataloger and Reviser Names
Cataloger Name: Basma Mohamed
942 ## - ADDED ENTRY ELEMENTS (KOHA)
Source of classification or shelving scheme Dewey Decimal Classification
Koha item type Books
Edition 21
Suppress in OPAC No
Holdings
Withdrawn status Lost status Source of classification or shelving scheme Damaged status Not for loan Collection Home library Current library Date acquired Total checkouts Full call number Barcode Date last seen Copy number Price effective from Koha item type
    Dewey Decimal Classification   Not for loan القانون الدولي الخاص جــــامعة القــاهرة مكتبة كلية الحقوق - المبنى الرئيسي 18.04.2026   Law1 12 341.1 DE . C 1965 1201837 C1 B12-01837 18.04.2026 1 18.04.2026 Books

© All rights reserved — Faculty of Law, Cairo University